000
00256nam a2200109Ia 4500
008
220204s9999 xx 000 0 und d
082
_a
82-3
_b
UHN;3
100
_a
Uhnak, Dorothy
245
4
_a
The Investigation
260
_a
London
_b
Arrow
_c
1983
942
_c
BK
999
_c
28010
_d
28010